000 00450nam a22001817a 4500
001 1973
005 20260418052103.0
008 260418b |||||||| |||| 00| 0 eng d
020 _a9788184735086
082 _a611.018
_bKUM/H
100 _aKumar, Brijesh
245 _aHistology
_btext & atlas
_cBrijesh Kumar
250 _a2nd ed.
260 _aNew Delhi
_bWolters Kluwer
_c2018
300 _c22cm.
500 _aInclude index
942 _2ddc
_cBK
_n0
999 _c1973
_d1973